| 000 | 00000nam##2200000za#4500 |
| 001 | 9.639274 |
| 003 | CaOODSP |
| 005 | 20210624222100 |
| 007 | cr ||||||||||| |
| 008 | 150407|1999||||xxc|||||o f|0| 0 fre|d |
| 040 | |aCaOODSP|bfre |
| 043 | |an-cn--- |
| 086 | 1 |aC2-408/1999F-PDF |
| 110 | 1 |aCanada.|bIndustrie Canada. |bComité consultatif national de VolNet. |
| 245 | 10|aDévelopper la capacité technologique du secteur du bénévolat : |h[ressource électronique]|bProgramme d'aide au réseau du secteur du bénévolat (VolNet), rapport du Comité consultatif national |
| 260 | |bIndustrie Canada. |cJanvier 1999. |
| 300 | |a29p.|bréférences |
| 500 | |a«Dans le budget de février 1998, le gouvernement fédéral a annoncé la création du programme d'aide au réseau du secteur du bénévolat (VolNet) afin d'accroître la capacité technologique du secteur bénévole. Il a consacré 15 millions de dollars sur trois ans à ce programme et s'est fixé pour objectif d'offrir de brancher 10 000 organismes bénévoles avant le 31 mars 2001. Souhaitant voir le secteur du bénévolat collaborer à l'élaboration du programme, le gouvernement fédéral a crée le Comité consultatif national de VolNet (CCNV), en juin 1998. Le présent rapport est le fruit du travail accompli par le Comité.»--Page 1. |
| 500 | |aLe n° de catalogue (C2-408/1999) et l'ISBN (0-662-64047-0) de l'édition imprimée bilingue ont été incorrectement copiés dans l'édition électronique. |
| 520 | 3 |aDans le budget de février 1998, le gouvernement fédéral a annoncé la création du programme d'aide au réseau du secteur du bénévolat (VolNet) afin d'accroître la capacité technologique du secteur bénévole. Il a consacré 15 millions de dollars sur trois ans à ce programme et s'est fixé pour objectif d'offrir de brancher 10 000 organismes bénévoles avant le 31 mars 2001. Souhaitant voir le secteur du bénévolat collaborer à l'élaboration du programme, le gouvernement fédéral a crée le Comité consultatif national de VolNet (CCNV), en juin 1998. Le présent rapport est le fruit du travail accompli par le Comité.--Page 1 |
| 590 | |a11-28-Supp|b2011-11-17 |
| 691 | 07|aBénévolat|2gcpds |
| 691 | 07|aTechnologie de l'information|2gcpds |
| 775 | 08|tBuilding the technological capacity of the voluntary sector : |w(CaOODSP)9.695130 |
| 776 | 0#|tBuilding the technological capacity of the voluntary sector : |w(CaOODSP)9.660785 |
| 776 | 0#|tDévelopper la capacité technologique du secteur du bénévolat : |w(CaOODSP)9.660786 |
| 856 | 40|ahttp://publications.gc.ca|qPDF|s533 Ko|uhttps://publications.gc.ca/collections/Collection/C2-408-1999F.pdf |
| 986 | |a52534B |